[Event "Asian University"]
[Site "Tornelo INT"]
[Date "2021.09.10"]
[Round "3"]
[White "Asavayutphol, Pattarapong"]
[Black "Jayaweera, CL."]
[Result "1-0"]
[WhiteElo "1310"]
[BlackElo "1781"]
[PlyCount "73"]
[EventDate "2021.09.10"]
[EventType "swiss (rapid)"]
[EventRounds "9"]
[EventCountry "NET"]
[SourceTitle "CBM 204 Extra"]
[Source "ChessBase"]
[SourceDate "2021.11.30"]
[SourceVersion "1"]
[SourceVersionDate "2021.11.30"]
[SourceQuality "1"]

1. d4 Nf6 2. c4 g6 3. Nc3 Bg7 4. e4 d6 5. Bd3 0-0 6. Nge2 e5 7. d5 Nbd7 8. 0-0 Nc5 9. Bc2 a5 10. f3 Ne8 11. Be3 b6 12. a3 f5 13. b4 Nb7 14. exf5 gxf5 15. Qd2 f4 16. Bf2 Nf6 17. Ne4 Nxe4 18. Bxe4 Qf6 19. Qd3 Bf5 20. Nc3 Qg6 21. Bxf5 Qxf5 22. Qxf5 Rxf5 23. Ne4 Bf8 24. Rac1 Be7 25. Nc3 Rff8 26. Nb5 Rfc8 27. Rfe1 Bd8 28. c5 bxc5 29. bxc5 Bf6 30. cxd6 cxd6 31. Rc6 Be7 32. Rec1 Rxc6 33. Rxc6 Nd8 34. Rc7 Kf8 35. g3 fxg3 36. Bxg3 Rc8 37. Rxc8 1-0

[Event "Asia-ch Universities"]
[Site "Chess.com INT"]
[Date "2020.12.28"]
[Round "5"]
[White "Jayaweera, CL."]
[Black "Jagadeesh, Aaditya"]
[Result "0-1"]
[WhiteElo "1781"]
[BlackElo "2035"]
[PlyCount "90"]
[EventDate "2020.12.27"]
[EventType "swiss"]
[EventRounds "9"]
[EventCountry "IRI"]
[SourceTitle "CBM 200 Extra"]
[Source "ChessBase"]
[SourceDate "2021.03.31"]
[SourceVersion "1"]
[SourceVersionDate "2021.03.31"]
[SourceQuality "1"]

1. d4 Nf6 2. Bg5 c5 3. d5 Qb6 4. Nc3 Qxb2 5. Bd2 Qb6 6. e4 d6 7. f4 Nbd7 8. Nf3 g6 9. Bc4 Bg7 10. Rb1 Qd8 11. 0-0 0-0 12. e5 dxe5 13. fxe5 Ng4 14. e6 fxe6 15. dxe6 Nde5 16. Bd5 Nxf3+ 17. Rxf3 Bd4+ 18. Kh1 Rxf3 19. Qxf3 Nf2+ 20. Kg1 Ne4+ 21. Kh1 Nxd2 22. Qf7+ Kh8 23. Bxb7 Bxb7 24. Rxb7 Qf8 25. Nb5 Bf6 26. Rxa7 Rb8 27. a4 Qxf7 28. exf7 Kg7 29. g3 Kxf7 30. Rc7 Ne4 31. c4 Nc3 32. Rxc5 Nxa4 33. Rc7 Be5 34. Rc6 Rb6 35. Rc8 Nc3 36. Nxc3 Bxc3 37. c5 Rb2 38. c6 Be5 39. Kg1 Rc2 40. Kf1 Ke6 41. Ke1 Kd6 42. c7 Rxc7 43. Rd8+ Ke6 44. Rd3 Rc2 45. h3 Rc3 0-1

[Event "Asia-ch Universities"]
[Site "Chess.com INT"]
[Date "2020.12.28"]
[Round "4"]
[White "Ooi, Zhi Yang"]
[Black "Jayaweera, CL."]
[Result "1-0"]
[WhiteElo "2123"]
[BlackElo "1781"]
[PlyCount "91"]
[EventDate "2020.12.27"]
[EventType "swiss"]
[EventRounds "9"]
[EventCountry "IRI"]
[SourceTitle "CBM 200 Extra"]
[Source "ChessBase"]
[SourceDate "2021.03.31"]
[SourceVersion "1"]
[SourceVersionDate "2021.03.31"]
[SourceQuality "1"]

1. d4 Nf6 2. Bf4 g6 3. Nc3 Bg7 4. e4 d6 5. Qd2 0-0 6. 0-0-0 Nbd7 7. Bh6 c5 8. d5 a6 9. h4 b5 10. f3 Ne5 11. h5 b4 12. Nb1 a5 13. hxg6 fxg6 14. Bxg7 Kxg7 15. Qh6+ Kg8 16. Nh3 Rf7 17. Ng5 Rg7 18. Nd2 Qf8 19. Nc4 Nf7 20. Nxf7 Qxf7 21. e5 Nxd5 22. exd6 exd6 23. Nxd6 Qf4+ 24. Qxf4 Nxf4 25. Bc4+ Be6 26. Bxe6+ Nxe6 27. Ne4 Nf4 28. g3 Ne2+ 29. Kb1 Nd4 30. f4 Rc8 31. Nf6+ Kh8 32. g4 Ne6 33. Rhf1 g5 34. f5 Nf4 35. Rfe1 Rf7 36. Nd7 h5 37. Ne5 Rh7 38. gxh5 Rxh5 39. f6 Rh7 40. Rg1 Re8 41. Rxg5 Nh3 42. f7 Rf8 43. Ng6+ Kg7 44. Nxf8+ Nxg5 45. Nxh7 Nxh7 46. Rd5 1-0

[Event "SRI-ch"]
[Site "Colombo"]
[Date "2018.05.11"]
[Round "9"]
[White "Jayaweera, CL."]
[Black "Alahakoon, Isuru"]
[Result "0-1"]
[WhiteElo "1787"]
[BlackElo "2102"]
[PlyCount "80"]
[EventDate "2018.05.04"]
[EventType "tourn"]
[EventRounds "13"]
[EventCountry "SRI"]
[SourceTitle "CBM 184 Extra"]
[Source "ChessBase"]
[SourceDate "2018.06.28"]
[SourceVersion "1"]
[SourceVersionDate "2018.06.28"]
[SourceQuality "1"]

1. d4 Nf6 2. Bg5 e6 3. e4 h6 4. Bxf6 Qxf6 5. Nf3 c5 6. e5 Qd8 7. d5 exd5 8. Qxd5 Be7 9. Bc4 0-0 10. Nc3 Nc6 11. 0-0 a6 12. Qe4 b5 13. Bd3 g6 14. a4 bxa4 15. Rxa4 Rb8 16. Nd5 Nb4 17. Bc4 Kg7 18. Nxb4 Rxb4 19. Rxb4 cxb4 20. Nd4 Qc7 21. Bd5 a5 22. h4 a4 23. h5 a3 24. bxa3 bxa3 25. Bxf7 Rxf7 26. hxg6 Bb7 27. Nf5+ Rxf5 28. Qxf5 Bd5 29. Rd1 Be6 30. Qe4 a2 31. f4 Qb6+ 32. Kh2 Qb1 33. Qd4 Qxc2 34. Rf1 Bc5 35. Qa1 Qf5 36. Qd1 Qg4 37. Qxg4 Bxg4 38. Ra1 Be6 39. f5 Bb3 40. Rf1 Bd4 0-1

[Event "SRI-ch"]
[Site "Colombo"]
[Date "2018.05.11"]
[Round "8"]
[White "Kavinda, Akila"]
[Black "Jayaweera, CL."]
[Result "1-0"]
[WhiteElo "2050"]
[BlackElo "1787"]
[PlyCount "73"]
[EventDate "2018.05.04"]
[EventType "tourn"]
[EventRounds "13"]
[EventCountry "SRI"]
[SourceTitle "CBM 184 Extra"]
[Source "ChessBase"]
[SourceDate "2018.06.28"]
[SourceVersion "1"]
[SourceVersionDate "2018.06.28"]
[SourceQuality "1"]

1. d4 Nf6 2. Nf3 d5 3. c4 c6 4. e3 Bg4 5. h3 Bh5 6. g4 Bg6 7. Ne5 Nbd7 8. Nxg6 hxg6 9. Nc3 Ne4 10. cxd5 Nxc3 11. bxc3 cxd5 12. Qb3 Qc7 13. c4 e6 14. cxd5 Qa5+ 15. Bd2 Qxd5 16. Qxd5 exd5 17. Rb1 b6 18. g5 Be7 19. Rb5 Bxg5 20. Rxd5 Be7 21. Bb5 0-0-0 22. Ke2 Nb8 23. Rc1+ Kb7 24. Rxd8 Rxd8 25. Bc4 f5 26. Bf7 Ba3 27. Rg1 f4 28. Bxg6 Rd7 29. Be4+ Kc7 30. Bf5 Re7 31. e4 Bd6 32. Rg6 Na6 33. Kf3 Rf7 34. Be6 Re7 35. Bc4 Nb8 36. e5 Ba3 37. d5 1-0

[Event "SRI-ch"]
[Site "Colombo"]
[Date "2018.05.07"]
[Round "7"]
[White "Jayaweera, CL."]
[Black "Priyankara, Chamil Y"]
[Result "0-1"]
[WhiteElo "1787"]
[BlackElo "2017"]
[PlyCount "68"]
[EventDate "2018.05.04"]
[EventType "tourn"]
[EventRounds "13"]
[EventCountry "SRI"]
[SourceTitle "CBM 184 Extra"]
[Source "ChessBase"]
[SourceDate "2018.06.28"]
[SourceVersion "1"]
[SourceVersionDate "2018.06.28"]
[SourceQuality "1"]

1. d4 Nf6 2. Nf3 c5 3. e3 d5 4. b3 Nc6 5. Bb2 Bg4 6. h3 Bh5 7. Be2 e6 8. 0-0 Rc8 9. Nbd2 cxd4 10. exd4 Be7 11. c4 0-0 12. Rc1 Qa5 13. a3 dxc4 14. Nxc4 Qd8 15. Nfe5 Bxe2 16. Qxe2 Nxd4 17. Bxd4 Qxd4 18. Rcd1 Qh4 19. Rfe1 Nd5 20. Nf3 Qf4 21. Rd4 Qc7 22. Nce5 Bxa3 23. Rc4 Qe7 24. Rh4 Rfd8 25. Qe4 Nf6 26. Qb1 h6 27. g4 Rd5 28. Kg2 Bd6 29. g5 hxg5 30. Rg4 Nxg4 31. hxg4 Bxe5 32. Nxe5 Qc7 33. Nc4 Qf4 34. f3 Rxc4 0-1

[Event "SRI-ch"]
[Site "Colombo"]
[Date "2018.05.06"]
[Round "4"]
[White "Jayawardana, Lasal"]
[Black "Jayaweera, CL."]
[Result "0-1"]
[WhiteElo "1909"]
[BlackElo "1787"]
[PlyCount "78"]
[EventDate "2018.05.04"]
[EventType "tourn"]
[EventRounds "13"]
[EventCountry "SRI"]
[SourceTitle "CBM 184 Extra"]
[Source "ChessBase"]
[SourceDate "2018.06.28"]
[SourceVersion "1"]
[SourceVersionDate "2018.06.28"]
[SourceQuality "1"]

1. e4 c5 2. Nf3 e6 3. d4 cxd4 4. Nxd4 a6 5. c4 Nf6 6. Nc3 Qc7 7. a3 Nc6 8. Be3 Be7 9. Be2 0-0 10. 0-0 b6 11. Rc1 Bb7 12. f3 Rac8 13. b4 Qb8 14. Qe1 a5 15. Na4 axb4 16. Nxc6 Rxc6 17. axb4 Bd6 18. Nxb6 Bxh2+ 19. Kh1 Bg3 20. Qd2 Qe5 21. f4 Qc7 22. e5 Ne4 23. Qd4 Qd8 24. Rf3 Qh4+ 25. Kg1 Qh2+ 26. Kf1 Rxb6 27. b5 Ba8 28. c5 Rbb8 29. c6 dxc6 30. Qxe4 cxb5 31. Qc2 Qh1+ 32. Bg1 Bxf3 33. Bxf3 Bxf4 34. Re1 Bh2 35. Kf2 Bxg1+ 36. Rxg1 Qh4+ 37. g3 Qd4+ 38. Kg2 Qxe5 39. Rh1 g6 0-1

[Event "SRI-chB"]
[Site "Colombo"]
[Date "2018.03.03"]
[Round "4"]
[White "Samaranayake, KPRN"]
[Black "Jayaweera, CL."]
[Result "1/2-1/2"]
[WhiteElo "1885"]
[BlackElo "1736"]
[PlyCount "99"]
[EventDate "2018.03.01"]
[EventType "swiss"]
[EventRounds "10"]
[EventCountry "SRI"]
[SourceTitle "EXT 2019"]
[Source "ChessBase"]
[SourceDate "2018.10.10"]
[SourceVersion "1"]
[SourceVersionDate "2018.10.10"]
[SourceQuality "1"]

1. d4 f5 2. e4 fxe4 3. Nc3 Nf6 4. Bg5 e6 5. f3 e3 6. Bxe3 b6 7. Bd3 Bb7 8. Nge2 Nc6 9. a3 Be7 10. 0-0 0-0 11. Ng3 e5 12. d5 Nd4 13. Bc4 Kh8 14. Kh1 b5 15. Bxd4 exd4 16. Nxb5 Nxd5 17. Bxd5 Bxd5 18. Qxd4 c6 19. Nc3 Bf7 20. Qd3 Be6 21. Rfe1 Rb8 22. b4 Qc7 23. Rad1 a5 24. Rb1 axb4 25. axb4 Bh4 26. Nce4 Bf5 27. Nxf5 Bxe1 28. g4 Bxb4 29. Qd4 d5 30. Ng5 c5 31. Qxd5 Rbd8 32. Qe4 Rde8 33. Qc4 Qd7 34. c3 Ba5 35. Qxc5 Qd3 36. Rg1 Bxc3 37. Qc6 Bf6 38. Nh3 Rc8 39. Qe4 Qxe4 40. fxe4 Be5 41. Ng5 g6 42. Nh4 Rf2 43. Nhf3 Bf4 44. Nf7+ Kg7 45. N7e5 Rc3 46. Ra1 Rcxf3 47. Nxf3 Rxf3 48. Ra7+ Kf6 49. Rxh7 Rf2 50. h4 1/2-1/2

[Event "SRI-chB"]
[Site "Narahenpita"]
[Date "2017.05.19"]
[Round "6"]
[White "De Silva, Elath Mathanga"]
[Black "Jayaweera, CL."]
[Result "1/2-1/2"]
[WhiteElo "1859"]
[BlackElo "1700"]
[PlyCount "84"]
[EventDate "2017.05.12"]
[EventType "swiss"]
[EventRounds "10"]
[EventCountry "SRI"]
[SourceTitle "CBM 178 Extra"]
[Source "ChessBase"]
[SourceDate "2017.06.22"]
[SourceVersion "1"]
[SourceVersionDate "2017.06.22"]
[SourceQuality "1"]

1. d4 Nf6 2. Nf3 e6 3. c4 b6 4. a3 Bb7 5. Nc3 Be7 6. d5 exd5 7. cxd5 0-0 8. e4 d6 9. Be2 Nbd7 10. 0-0 Nc5 11. Qc2 a5 12. Nd4 Nfd7 13. Be3 a4 14. Bb5 Ba6 15. Nc6 Qe8 16. Rfe1 Bxb5 17. Nxb5 Bd8 18. Nxd8 Qxd8 19. Rad1 Re8 20. f3 Ne5 21. Nd4 Qf6 22. Nf5 Ra5 23. f4 Ng4 24. Bd4 Qg6 25. Bxg7 Nf6 26. Bxf6 Qxf6 27. Re3 Rb5 28. e5 dxe5 29. d6 e4 30. Ne7+ Kf8 31. Nd5 Qxd6 32. Nc3 Qxf4 33. Rh3 Rb3 34. Rf1 Qe5 35. Qf2 Re7 36. Rxh7 f5 37. Rh5 Rf7 38. Qh4 Ke8 39. Rh8+ Kd7 40. Qd8+ Kc6 41. Qa8+ Kd6 42. Rh6+ Rf6 1/2-1/2